Ako podnikať
Z obsahu: Ako zvíťaziť nad projektovým manažmentom. Projekty a ľudia. Kritériá na rozhodovanie. O image manažéroch. Efektívny predajca - reč tela. Poradenstvo.
Na minha lista:
| Formato: | Capítulo de Livro |
|---|---|
| Idioma: | eslovaco |
| Assuntos: | |
| Tags: |
Sem tags, seja o primeiro a adicionar uma tag!
|
MARC
| LEADER | 00000naa$a2200000$$$4500 | ||
|---|---|---|---|
| 001 | 0048633 | ||
| 005 | 20231009084436.0 | ||
| 041 | 0 | |a slo | |
| 044 | |a SK | ||
| 245 | 1 | 0 | |a Ako podnikať |
| 520 | |a Z obsahu: Ako zvíťaziť nad projektovým manažmentom. Projekty a ľudia. Kritériá na rozhodovanie. O image manažéroch. Efektívny predajca - reč tela. Poradenstvo. | ||
| 610 | 2 | 0 | |a podnikanie |
| 610 | 2 | 0 | |a projektovanie |
| 610 | 2 | 0 | |a projekty |
| 610 | 2 | 0 | |a manažment |
| 610 | 2 | 0 | |a manažéri |
| 610 | 2 | 0 | |a imidž |
| 610 | 2 | 0 | |a predajcovia |
| 610 | 2 | 0 | |a poradenstvo |